000 00829nam a2200253 a 4500
001 BRL_1224
005 20190320211107.0
008 021213s1996----fr-o######---#000-0#fre-#
041 _afre
044 _afr
050 4 _aND546
_b.J66 1996
245 1 0 _aDe Jonckheere
_bPortrait et marines
_cTextes: Françoise Lasisz.
260 _aParis
_bDe Jonckheere
_c1996
300 _asin paginación
_bil., 31 láminas
_c27 cm.
500 _aAu1419
610 2 4 _aGaleria De Jonckheere (Paris)
_vCatálogos
_926168
650 1 4 _aPintura francesa
_vCatálogos
_926169
650 1 4 _aPintura de retratos
_vCatálogos
_zParis (Francia)
_926170
650 1 4 _aPintura
_vCatálogos
_xMarinos
_zParis (Francia)
_926171
700 1 _aLasisz, Françoise
_926172
710 2 _aGaleria De Jonckheere (Paris)
_926173
902 _aGRL
942 _2lcc
_cB
999 _c10036
_d10036